In the steps of St. Paul. (Record no. 5173)

000 -LEADER
fixed length control field 00517nam a2200181 a 4500
001 - CONTROL NUMBER
control field :::00002914$&:&@@
003 - CONTROL NUMBER IDENTIFIER
control field OkBaRHE
005 - DATE AND TIME OF LATEST TRANSACTION
control field 20000607103258.0
008 - FIXED-LENGTH DATA ELEMENTS--GENERAL INFORMATION
fixed length control field s1936 j 000 0 eng u
040 ## - CATALOGING SOURCE
Transcribing agency
100 1# - MAIN ENTRY--PERSONAL NAME
Personal name Morton, H. V.
245 10 - TITLE STATEMENT
Title In the steps of St. Paul.
260 ## - PUBLICATION, DISTRIBUTION, ETC. (IMPRINT)
Place of publication, distribution, etc New York, NY., :
Name of publisher, distributor, etc Dodd, Mead and Company
Date of publication, distribution, etc c1936
300 ## - PHYSICAL DESCRIPTION
Extent 499 p. : illus.
650 ## - SUBJECT ADDED ENTRY--TOPICAL TERM
Topical term or geographic name as entry element Paul.
942 ## - ADDED ENTRY ELEMENTS (KOHA)
Source of classification or shelving scheme
Koha item type Books
Copies
Full call number Date last seen Copy number Barcode Shelving location Damaged status Source of classification or shelving scheme Permanent Location Lost status Price effective from Date acquired Not for loan Koha item type Withdrawn status
BS 2505 .M62018-03-1612914General Stacks  RHEMA Bible Training College 2010-04-142010-04-14 Books